000 00308nam a22001337a 4500
008 170306b xxu||||| |||| 00| 0 eng d
020 _a9780683034455
041 _aeng
080 _22ND
_a575
100 _a6
101 _aSHM
245 _aPRINCIPLES OF MEDICAL GENETICS
_cGELEHRTRER, TH.D
942 _2udc
_cBK
999 _c6787
_d6787